Most Valuable Footballers - Surname Beginning With 'S' - Statistics

General Stats
  • This quiz has been taken 149 times
  • The average score is 10 of 27
Answer Stats
# CMV Club Answer % Correct
1 €100.00m Arsenal Bukayo Saka
90%
2 €80.00m Liverpool Mohamed Salah
90%
4 €70.00m Tottenham Hotspur Son Heung-min
83%
2 €80.00m Manchester City Bernardo Silva
77%
4 €70.00m Bayern Munich Leroy Sané
74%
7 €60.00m Manchester United Jadon Sancho
54%
4 €70.00m Chelsea Raheem Sterling
50%
24 €25.00m Tottenham Hotspur Davinson Sánchez
39%
18 €32.00m Brighton and Hove Albion Robert Sánchez
39%
9 €50.00m Arsenal William Saliba
39%
22 €28.00m Manchester United Luke Shaw
36%
7 €60.00m Inter Milan Milan Skriniar
31%
19 €30.00m Manchester City John Stones
30%
13 €35.00m Borussia Dortmund Niklas Süle
29%
10 €45.00m West Ham United Tomas Soucek
26%
11 €38.00m Arsenal Emile Smith Rowe
21%
11 €38.00m Bayer Leverkusen Patrik Schick
21%
24 €25.00m Athletic Bilbao Unai Simón
21%
13 €35.00m RB Leipzig Dominik Szoboszlai
17%
13 €35.00m Paris Saint-Germain Carlos Soler
16%
22 €28.00m RB Leipzig Mohamed Simakan
16%
17 €33.00m Borussia Dortmund Nico Schlotterbeck
15%
19 €30.00m Barcelona Marc-André ter Stegen
14%
24 €25.00m Paris Saint-Germain Renato Sanches
13%
13 €35.00m PSV Eindhoven Ibrahim Sangaré
11%
19 €30.00m West Ham United Gianluca Scamacca
10%
24 €25.00m Leicester City Boubakary Soumaré
6%
No matching quizzes found
Score Distribution
Percent of People with Each Score
Percentile by Number Answered
Your Score History
You have not taken this quiz